[Event "Tirol Landesliga 2223"]
[Site "Austria"]
[Date "2023.02.11"]
[Round "5.2"]
[White "Czoeppan, Thomas"]
[Black "Eberharter, Johann"]
[Result "1-0"]
[WhiteElo "2036"]
[BlackElo "2042"]
[PlyCount "59"]
[EventDate "2022.10.01"]
[EventType "team-tourn"]
[EventRounds "9"]
[EventCountry "AUT"]
[SourceTitle "EXT 2024"]
[Source "ChessBase"]
[SourceDate "2023.10.10"]
[SourceVersion "1"]
[SourceVersionDate "2023.10.10"]
[SourceQuality "1"]
[WhiteTeam "Jenbach"]
[BlackTeam "Fuegen/Mayrhofen/Zillertal"]
[WhiteTeamCountry "AUT"]
[BlackTeamCountry "AUT"]

1. Nf3 c5 2. c4 Nc6 3. g3 g6 4. d4 cxd4 5. Nxd4 Bg7 6. e3 Nxd4 7. exd4 d5 8. c5 Nf6 9. Nc3 0-0 10. Bg2 Bf5 11. 0-0 Qd7 12. f3 Bh3 13. Re1 Bxg2 14. Kxg2 Rfe8 15. Be3 b5 16. b4 a5 17. a3 a4 18. Qd3 Rab8 19. Bf4 Rb7 20. Be5 Qc6 21. Re2 Nd7 22. Bxg7 Kxg7 23. Rae1 e6 24. Kg1 Rc8 25. Kg2 Kf8 26. Qd2 Nb6 27. Qf4 Nc4 28. Rxe6 Qd7 29. Qf6 Kg8 30. Re7 1-0

[Event "Mittelfrank Regionalliga Sud-West 2223"]
[Site "Mittelfranken"]
[Date "2022.10.09"]
[Round "1.5"]
[White "Czoeppan, Thomas"]
[Black "Wagner, Lukas"]
[Result "1/2-1/2"]
[WhiteElo "1952"]
[BlackElo "1947"]
[PlyCount "29"]
[EventDate "2022.10.09"]
[EventType "team-tourn"]
[EventRounds "9"]
[EventCountry "GER"]
[SourceTitle "EXT 2024"]
[Source "ChessBase"]
[SourceDate "2023.10.10"]
[SourceVersion "1"]
[SourceVersionDate "2023.10.10"]
[SourceQuality "1"]
[WhiteTeam "Bayern Muenchen IV"]
[BlackTeam "Kempten"]
[WhiteTeamCountry "GER"]
[BlackTeamCountry "GER"]

1. d4 Nf6 2. Nf3 e6 3. g3 d5 4. Bg2 Be7 5. 0-0 0-0 6. c4 dxc4 7. Qa4 a6 8. Qxc4 b5 9. Qc2 Bb7 10. Bf4 Bd6 11. Nbd2 Nbd7 12. Rac1 Rc8 13. Ng5 Bxg2 14. Kxg2 Bxf4 15. gxf4 1/2-1/2

[Event "AUT-chT2W 2122"]
[Site "Austria"]
[Date "2022.06.03"]
[Round "6.3"]
[White "Lassahn, Holger"]
[Black "Czoeppan, Thomas"]
[Result "1/2-1/2"]
[WhiteElo "1933"]
[BlackElo "2069"]
[PlyCount "90"]
[EventDate "2021.10.15"]
[EventType "team-tourn"]
[EventRounds "11"]
[EventCountry "AUT"]
[SourceTitle "EXT 2023"]
[Source "ChessBase"]
[SourceDate "2022.10.05"]
[SourceVersion "1"]
[SourceVersionDate "2022.10.05"]
[SourceQuality "1"]
[WhiteTeam "Hoerbranz"]
[BlackTeam "Jenbach II"]
[WhiteTeamCountry "AUT"]
[BlackTeamCountry "AUT"]

1. e4 d5 2. exd5 Qxd5 3. Nc3 Qd6 4. d4 Nf6 5. Nf3 c6 6. h3 g6 7. Be2 Bg7 8. 0-0 0-0 9. a3 Rd8 10. Be3 Nd5 11. Nxd5 cxd5 12. c3 b6 13. Qd2 Nd7 14. Bh6 Bb7 15. Bxg7 Kxg7 16. Bd3 a5 17. Rfe1 Ba6 18. Bxa6 Rxa6 19. Qe2 b5 20. Qxe7 Qxe7 21. Rxe7 Re6 22. Rxe6 fxe6 23. Re1 Kf6 24. Ne5 Nb6 25. Re2 Rc8 26. f3 Rc7 27. Kf2 Rc8 28. Ng4+ Kf7 29. Ne5+ Kf6 30. Kg3 Rc7 31. h4 Rc8 32. Kh3 Rc7 33. g4 Nd7 34. g5+ Ke7 35. Nxd7 Rxd7 36. Kg4 Kf7 37. h5 Rd8 38. hxg6+ hxg6 39. Rh2 Kg7 40. Rh1 Rc8 41. Re1 Kf7 42. Kf4 Rh8 43. Kg3 Rh5 44. f4 Rh8 45. Rf1 Rc8 1/2-1/2

[Event "Regionalliga Sued-Ost 1819"]
[Site "Bayern"]
[Date "2019.04.07"]
[Round "9.8"]
[White "Perinan Freire, Antonio Jesus"]
[Black "Czoeppan, Thomas"]
[Result "1/2-1/2"]
[WhiteElo "1946"]
[BlackElo "2011"]
[PlyCount "63"]
[EventDate "2018.10.21"]
[EventType "team-tourn"]
[EventRounds "9"]
[EventCountry "GER"]
[SourceTitle "EXT 2022"]
[Source "ChessBase"]
[SourceDate "2021.10.06"]
[SourceVersion "1"]
[SourceVersionDate "2021.10.06"]
[SourceQuality "1"]
[WhiteTeam "Ingolstadt"]
[BlackTeam "Groebenzell II"]
[WhiteTeamCountry "GER"]
[BlackTeamCountry "GER"]

1. e4 d5 2. exd5 Qxd5 3. Nc3 Qd6 4. d4 Nf6 5. Nf3 c6 6. Ne5 Nbd7 7. Nc4 Qc7 8. Qf3 Nb6 9. Bf4 Qd8 10. h3 g6 11. 0-0-0 Be6 12. Ne5 Nbd5 13. Bg5 Bg7 14. Bxf6 Nxf6 15. g4 Bd5 16. Nxd5 Qxd5 17. Bc4 Qxf3 18. Nxf3 e6 19. Ne5 Nd5 20. Rhe1 Bxe5 21. Rxe5 0-0-0 22. Bb3 h6 23. h4 Nf6 24. f3 h5 25. g5 Nd5 26. c4 Ne7 27. d5 cxd5 28. cxd5 Nxd5 29. Bxd5 Rxd5 30. Rdxd5 exd5 31. Rxd5 Rd8 32. Rxd8+ 1/2-1/2

[Event "Regionalliga Sued-Ost 1718"]
[Site "Bayern"]
[Date "2017.12.10"]
[Round "4.8"]
[White "Czoeppan, Thomas"]
[Black "Stoppel, Michael"]
[Result "1/2-1/2"]
[WhiteElo "2015"]
[BlackElo "1902"]
[PlyCount "29"]
[EventDate "2017.10.22"]
[EventType "team-tourn"]
[EventRounds "9"]
[EventCountry "GER"]
[SourceTitle "EXT 2022"]
[Source "ChessBase"]
[SourceDate "2021.10.06"]
[SourceVersion "1"]
[SourceVersionDate "2021.10.06"]
[SourceQuality "1"]
[WhiteTeam "Groebenzell II"]
[BlackTeam "Trostberg TSV"]
[WhiteTeamCountry "GER"]
[BlackTeamCountry "GER"]

1. Nf3 Nf6 2. d4 d6 3. Bg5 Nbd7 4. e3 g6 5. Nbd2 Bg7 6. Be2 0-0 7. c3 Re8 8. h3 c5 9. a4 b6 10. e4 cxd4 11. cxd4 Bb7 12. Bd3 h6 13. Bxf6 Bxf6 14. 0-0 Rc8 15. Qe2 1/2-1/2

[Event "AUT-chT2W 1617"]
[Site "Austria"]
[Date "2016.11.27"]
[Round "6.5"]
[White "Czoeppan, Thomas"]
[Black "Atlas, Dimitry"]
[Result "1/2-1/2"]
[WhiteElo "2098"]
[BlackElo "2205"]
[PlyCount "49"]
[EventDate "2016.10.28"]
[EventType "team-tourn"]
[EventRounds "11"]
[EventCountry "AUT"]
[SourceTitle "CBM 177 Extra"]
[Source "ChessBase"]
[SourceDate "2017.04.27"]
[SourceVersion "1"]
[SourceVersionDate "2017.04.27"]
[SourceQuality "1"]
[WhiteTeam "Jenbach II"]
[BlackTeam "Hohenems II"]
[WhiteTeamCountry "AUT"]
[BlackTeamCountry "AUT"]

1. c4 c6 2. Nf3 d5 3. cxd5 cxd5 4. d4 Nc6 5. Nc3 Nf6 6. Bf4 e6 7. a3 Be7 8. e3 0-0 9. Bd3 b6 10. Ne5 Bb7 11. 0-0 Rc8 12. Nxc6 Rxc6 13. Bb5 Rc8 14. Qe2 Bd6 15. Bg5 Qe7 16. Rfc1 Bb8 17. f4 Bd6 18. Bd3 Rfd8 19. Nb5 Bb8 20. Rxc8 Rxc8 21. Nc3 Bd6 22. Nb5 Bb8 23. Nc3 Bd6 24. Nb5 Bb8 25. Nc3 1/2-1/2

[Event "Regionalliga SO 1617"]
[Site "Bayern"]
[Date "2016.10.16"]
[Round "1.4"]
[White "Czoeppan, Thomas"]
[Black "Spiess, Martin"]
[Result "0-1"]
[WhiteElo "2039"]
[BlackElo "2167"]
[PlyCount "98"]
[EventDate "2016.10.16"]
[EventType "team-tourn"]
[EventRounds "9"]
[EventCountry "GER"]
[SourceTitle "EXT 2019"]
[Source "ChessBase"]
[SourceDate "2018.10.10"]
[SourceVersion "1"]
[SourceVersionDate "2018.10.10"]
[SourceQuality "1"]
[WhiteTeam "Groebenzell II"]
[BlackTeam "Ingolstadt"]
[WhiteTeamCountry "GER"]
[BlackTeamCountry "GER"]

1. d4 d5 2. Nf3 e6 3. g3 Bd6 4. Bg2 f5 5. c4 c6 6. Qc2 Nf6 7. 0-0 0-0 8. Bf4 Bxf4 9. gxf4 Bd7 10. Nbd2 Ne4 11. e3 Nxd2 12. Nxd2 Be8 13. Nf3 Nd7 14. Ne5 Bh5 15. Nxd7 Qxd7 16. Rac1 Qe7 17. Qd2 a5 18. b3 Kh8 19. Kh1 Rf6 20. f3 Rh6 21. Qf2 Rg8 22. Rg1 g5 23. fxg5 Rxg5 24. f4 Rg7 25. Bf3 Qh4 26. Rc2 Bxf3+ 27. Qxf3 Rxg1+ 28. Kxg1 Qe1+ 29. Kg2 Rg6+ 30. Kh3 Qg1 31. Rg2 Rxg2 32. Qxg2 Qxe3+ 33. Qg3 Qxg3+ 34. Kxg3 dxc4 35. bxc4 b5 36. Kf3 Kg7 37. Ke3 Kf6 38. Kd3 Ke7 39. Kc3 Kd7 40. Kd3 Kd6 41. a3 b4 42. axb4 axb4 43. Kc2 c5 44. dxc5+ Kxc5 45. Kb3 e5 46. fxe5 f4 47. e6 Kd6 48. c5+ Kxe6 49. Kxb4 f3 0-1

[Event "AUT-chT2W 1112"]
[Site "Austria"]
[Date "2011.11.06"]
[Round "6.5"]
[White "Kondrak, Christof"]
[Black "Czoeppan, Thomas"]
[Result "1-0"]
[WhiteElo "2176"]
[BlackElo "2049"]
[PlyCount "57"]
[EventDate "2011.10.07"]
[EventType "team-tourn"]
[EventRounds "11"]
[EventCountry "AUT"]
[SourceTitle "EXT 2012"]
[Source "ChessBase"]
[SourceDate "2011.11.24"]
[SourceVersion "1"]
[SourceVersionDate "2011.11.24"]
[SourceQuality "1"]
[WhiteTeam "Schwaz"]
[BlackTeam "Jenbach II"]
[WhiteTeamCountry "AUT"]
[BlackTeamCountry "AUT"]

1. d4 Nf6 2. c4 c6 3. Bf4 d5 4. e3 e6 5. Nc3 a6 6. c5 b6 7. b4 a5 8. a3 Be7 9. h3 0-0 10. Nf3 Ba6 11. Bxa6 Rxa6 12. 0-0 b5 13. Ne5 Nfd7 14. Nd3 Re8 15. a4 axb4 16. Nxb4 Ra5 17. Nxc6 Nxc6 18. axb5 Rxa1 19. Qxa1 Na5 20. c6 Nf6 21. c7 Qa8 22. Qa4 Nc4 23. Ra1 Qxa4 24. Rxa4 Nd7 25. Ra7 Ncb6 26. Na4 Nxa4 27. Rxa4 e5 28. Bxe5 Nxe5 29. dxe5 1-0

[Event "Wattens op 11th"]
[Site "Wattens"]
[Date "1996.??.??"]
[Round "5"]
[White "Czoeppan, Thomas"]
[Black "Schlosser, Hans"]
[Result "1/2-1/2"]
[WhiteElo "2155"]
[BlackElo "2325"]
[PlyCount "47"]
[EventDate "1996.??.??"]
[EventType "swiss"]
[EventRounds "9"]
[EventCountry "AUT"]
[SourceTitle "EXT 2000"]
[Source "ChessBase"]
[SourceDate "1999.11.16"]
[SourceVersion "1"]
[SourceVersionDate "1999.11.16"]
[SourceQuality "1"]

1. d4 c5 2. c3 e6 3. Nf3 d5 4. Bf4 Nc6 5. e3 Nf6 6. h3 Be7 7. Nbd2 0-0 8. Bd3 a6 9. dxc5 Bxc5 10. 0-0 Bd6 11. Bxd6 Qxd6 12. Re1 Bd7 13. e4 dxe4 14. Nxe4 Nxe4 15. Bxe4 Qe7 16. Nd4 Nxd4 17. Qxd4 Rad8 18. Rad1 Bc6 19. Qe3 Bxe4 20. Qxe4 Rd7 21. Rxd7 Qxd7 22. Qd4 Rd8 23. Qxd7 Rxd7 24. Kf1 1/2-1/2

[Event "Wattens op 11th"]
[Site "Wattens"]
[Date "1996.??.??"]
[Round "3"]
[White "Czoeppan, Thomas"]
[Black "Vesselovsky, Serguei"]
[Result "0-1"]
[WhiteElo "2155"]
[BlackElo "2440"]
[PlyCount "62"]
[EventDate "1996.??.??"]
[EventType "swiss"]
[EventRounds "9"]
[EventCountry "AUT"]
[SourceTitle "EXT 2000"]
[Source "ChessBase"]
[SourceDate "1999.11.16"]
[SourceVersion "1"]
[SourceVersionDate "1999.11.16"]
[SourceQuality "1"]

1. d4 Nf6 2. Bg5 c6 3. c3 Ne4 4. Bf4 Qb6 5. Nd2 d5 6. Nxe4 dxe4 7. Qc2 Nd7 8. g3 f5 9. Bg2 g6 10. f3 exf3 11. exf3 Bg7 12. 0-0-0 0-0 13. h4 e5 14. dxe5 Nxe5 15. h5 Be6 16. Bxe5 Qe3+ 17. Kb1 Qxe5 18. f4 Qa5 19. c4 Qb4 20. hxg6 hxg6 21. b3 a5 22. Nf3 a4 23. Ne5 Bxe5 24. fxe5 axb3 25. axb3 Ra3 26. Kb2 Rfa8 27. Ra1 Rxa1 28. Rxa1 Rxa1 29. Kxa1 Qa5+ 30. Kb1 Qxe5 31. Qd3 Qe1+ 0-1

[Event "Wattens op 10th"]
[Site "Wattens"]
[Date "1995.??.??"]
[Round "?"]
[White "Czoeppan, Thomas"]
[Black "Baur, Volker"]
[Result "1/2-1/2"]
[WhiteElo "2075"]
[BlackElo "1605"]
[PlyCount "22"]
[EventDate "1995.??.??"]
[EventType "swiss"]
[EventRounds "9"]
[EventCountry "AUT"]
[SourceTitle "EXT 2000"]
[Source "ChessBase"]
[SourceDate "1999.11.16"]
[SourceVersion "1"]
[SourceVersionDate "1999.11.16"]
[SourceQuality "1"]

1. d4 Nf6 2. c4 e5 3. dxe5 Ng4 4. e4 d6 5. Nf3 Nxe5 6. Be2 Be7 7. 0-0 0-0 8. Nc3 Be6 9. Nd4 Bxc4 10. Bxc4 Nxc4 11. Nf5 Re8 1/2-1/2

[Event "Wattens op 10th"]
[Site "Wattens"]
[Date "1995.??.??"]
[Round "?"]
[White "Czoeppan, Thomas"]
[Black "Klee, Charlotte"]
[Result "1-0"]
[WhiteElo "2075"]
[BlackElo "1645"]
[PlyCount "55"]
[EventDate "1995.??.??"]
[EventType "swiss"]
[EventRounds "9"]
[EventCountry "AUT"]
[SourceTitle "EXT 2000"]
[Source "ChessBase"]
[SourceDate "1999.11.16"]
[SourceVersion "1"]
[SourceVersionDate "1999.11.16"]
[SourceQuality "1"]

1. d4 g6 2. e4 d6 3. Nf3 Bg7 4. Nc3 Nc6 5. Be3 Nf6 6. h3 a6 7. Qd2 e6 8. Bh6 0-0 9. Bxg7 Kxg7 10. Be2 b5 11. a3 Bb7 12. g4 b4 13. g5 bxc3 14. gxf6+ Qxf6 15. Qxc3 Rfc8 16. Qe3 Nd8 17. 0-0-0 Qe7 18. h4 c5 19. h5 Nc6 20. hxg6 fxg6 21. dxc5 dxc5 22. Qh6+ Kg8 23. Bc4 Rc7 24. Rdg1 Qf6 25. Rxg6+ hxg6 26. Bxe6+ Qxe6 27. Qh8+ Kf7 28. Rh7# 1-0

[Event "Wattens op 10th"]
[Site "Wattens"]
[Date "1995.??.??"]
[Round "?"]
[White "Czoeppan, Thomas"]
[Black "Pilz, Dieter"]
[Result "1/2-1/2"]
[WhiteElo "2075"]
[BlackElo "2245"]
[PlyCount "85"]
[EventDate "1995.??.??"]
[EventType "swiss"]
[EventRounds "9"]
[EventCountry "AUT"]
[SourceTitle "EXT 2000"]
[Source "ChessBase"]
[SourceDate "1999.11.16"]
[SourceVersion "1"]
[SourceVersionDate "1999.11.16"]
[SourceQuality "1"]

1. d4 g6 2. Bf4 Bg7 3. Nf3 c5 4. c3 Nf6 5. e3 0-0 6. h3 b6 7. Bd3 Bb7 8. Nbd2 d6 9. e4 e5 10. Bg5 exd4 11. cxd4 cxd4 12. 0-0 Nc6 13. Nb3 Ne5 14. Bxf6 Nxf3+ 15. Qxf3 Bxf6 16. Rfe1 Rc8 17. Rad1 Be5 18. Qg4 h5 19. Qe2 Qf6 20. g3 Qe7 21. Rd2 h4 22. f4 Bg7 23. g4 g5 24. Qf2 gxf4 25. Nxd4 Bxd4 26. Qxd4 d5 27. e5 Qc5 28. Bf5 Rc7 29. Kg2 Qxd4 30. Rxd4 Rc4 31. Rd2 Re4 32. Bxe4 dxe4 33. Rd7 Bc6 34. Rc7 Bd5 35. Rd7 Ba8 36. Rc1 e3+ 37. Kf1 f3 38. Rc3 e2+ 39. Ke1 Re8 40. Rcc7 Rxe5 41. Rxf7 Bd5 42. Rf5 Re8 43. Rg5+ 1/2-1/2

[Event "Wattens op 10th"]
[Site "Wattens"]
[Date "1995.??.??"]
[Round "?"]
[White "Mueller, Georg"]
[Black "Czoeppan, Thomas"]
[Result "1/2-1/2"]
[WhiteElo "2080"]
[BlackElo "2075"]
[PlyCount "33"]
[EventDate "1995.??.??"]
[EventType "swiss"]
[EventRounds "9"]
[EventCountry "AUT"]
[SourceTitle "EXT 2000"]
[Source "ChessBase"]
[SourceDate "1999.11.16"]
[SourceVersion "1"]
[SourceVersionDate "1999.11.16"]
[SourceQuality "1"]

1. e4 c5 2. Nc3 Nc6 3. Nge2 e6 4. g3 Nge7 5. Bg2 d6 6. d4 cxd4 7. Nxd4 Nxd4 8. Qxd4 Nc6 9. Qd1 Be7 10. 0-0 a6 11. Be3 Ne5 12. Qe2 Qc7 13. Bd4 Bf6 14. Na4 Nf3+ 15. Bxf3 Bxd4 16. c3 Bf6 17. Qe3 1/2-1/2